| 000 | 00389nam a2200145Ia 4500 | ||
|---|---|---|---|
| 008 | 210210b1967 xxu||||| |||| 00| 0 eng d | ||
| 082 | _a541.3723 ROBI | ||
| 100 | _aROBBINS (Omer). | ||
| 245 | _aIonic reactions & equilibria. | ||
| 260 |
_aNew York _bThe Macmillan Co. _c1967 |
||
| 300 | _axiv,370 | ||
| 650 | _aIonic Reaction Equilibria | ||
| 690 | _aPhysical Chemistry | ||
| 906 | _a032960 | ||
| 999 |
_c84294 _d84294 |
||